000 00556nam a2200229Ia 4500
003 OSt
005 20220924150514.0
006 a|||||r|||| 00| 0
007 ta
008 220923b |||||||| |||| 00| 0 tel d
024 _a333398
037 _cTextual
040 _aARTS
_cARTS
_btel
041 _2tel
_atel
082 _aO35,1NRAJ,1, N8
100 _aRajani
_9222280
245 0 _aErrajabeueorena
260 _c1998
650 _aTELUGU POETRY
942 _hO35,1NRAJ,1, N8
_cTEXL
_2CC
999 _c463580
_d463580